Madhya Pradesh district gazetteers: West Nimar (Record no. 486525)

000 -LEADER
fixed length control field 00450cam a22001337a 4500
008 - FIXED-LENGTH DATA ELEMENTS--GENERAL INFORMATION
fixed length control field 180718b1970 xxu||||| |||| 00| 0 eng d
082 ## - DEWEY DECIMAL CLASSIFICATION NUMBER
Classification number A75 M264W
100 ## - MAIN ENTRY--PERSONAL NAME
Personal name Shrivastava, P.N.
245 ## - TITLE STATEMENT
Title Madhya Pradesh district gazetteers: West Nimar
Statement of responsibility, etc. by P.N. Shrivastava
260 ## - PUBLICATION, DISTRIBUTION, ETC.
Place of publication, distribution, etc. Bhopal
Name of publisher, distributor, etc. District Gazetteers Department
Date of publication, distribution, etc. 1970
300 ## - PHYSICAL DESCRIPTION
Extent 543+p.
500 ## - GENERAL NOTE
General note Library also has supplement, by N.P. Pandey 1994. 106+p.
650 ## - SUBJECT ADDED ENTRY--TOPICAL TERM
Topical term or geographic name entry element West Nimar - Gazetteers
Holdings
Withdrawn status Lost status Damaged status Not for loan Permanent Location Current Location Date acquired Full call number Barcode Date last seen Price effective from Koha item type
        Indian Institute of Public Administration Indian Institute of Public Administration 2018-08-04 A75 M264W G18955 2018-08-04 2018-08-04 G
        Indian Institute of Public Administration Indian Institute of Public Administration 2018-08-04 A75 M264W GG12345 2018-08-04 2018-08-04 GG

Powered by Koha